[Event "VIE-ch U15"]
[Site "Ho Chi Minh City"]
[Date "2022.07.15"]
[Round "7"]
[White "Nguyen, Anh Hao"]
[Black "Bui, Dang Khoa"]
[Result "1/2-1/2"]
[WhiteElo "2290"]
[BlackElo "2300"]
[PlyCount "47"]
[EventDate "2022.07.11"]
[EventType "swiss"]
[EventRounds "9"]
[EventCountry "VIE"]
[SourceTitle "EXT 2023"]
[Source "ChessBase"]
[SourceDate "2022.10.05"]
[SourceVersion "1"]
[SourceVersionDate "2022.10.05"]
[SourceQuality "1"]

1. Nf3 Nf6 2. g3 g6 3. c4 c6 4. Nc3 d5 5. b3 Bg7 6. Bb2 Na6 7. Bg2 0-0 8. 0-0 Re8 9. cxd5 cxd5 10. d4 Be6 11. Rc1 Rc8 12. Ne5 Nd7 13. Nxd5 Rxc1 14. Bxc1 Nxe5 15. dxe5 Bxe5 16. Nf4 Bxf4 17. Bxf4 Nb4 18. Qa1 Qb6 19. Bd2 Rd8 20. Bxb4 Qxb4 21. Rd1 Rxd1+ 22. Qxd1 Qa5 23. Bxb7 Qxa2 24. Bd5 1/2-1/2

[Event "VIE-ch U11"]
[Site "Hai Phong"]
[Date "2018.07.09"]
[Round "5"]
[White "Nguyen, Anh Hao"]
[Black "Le, Quy Tai"]
[Result "1-0"]
[WhiteElo "1882"]
[BlackElo "1899"]
[PlyCount "75"]
[EventDate "2018.07.07"]
[EventType "swiss"]
[EventRounds "9"]
[EventCountry "VIE"]
[SourceTitle "EXT 2019"]
[Source "ChessBase"]
[SourceDate "2018.10.10"]
[SourceVersion "1"]
[SourceVersionDate "2018.10.10"]
[SourceQuality "1"]

1. d4 d5 2. Bf4 Nc6 3. e3 a6 4. Nf3 Bg4 5. h3 Bh5 6. c4 e6 7. Nc3 Be7 8. cxd5 exd5 9. g4 Bg6 10. Qb3 Bb4 11. a3 Bxc3+ 12. bxc3 Rb8 13. Bg2 Nge7 14. 0-0 Qd7 15. Ne5 Nxe5 16. Bxe5 f6 17. Bg3 0-0 18. Rac1 b5 19. Rfe1 Kh8 20. Kh1 f5 21. g5 Bf7 22. Qd1 Nc6 23. a4 Ne7 24. axb5 Rxb5 25. Bf1 Rb6 26. c4 dxc4 27. Kh2 Rb4 28. Ra1 Ra8 29. Qd2 c5 30. Red1 a5 31. dxc5 Qxd2 32. Rxd2 c3 33. Rd7 c2 34. Rc1 Rb2 35. Rxe7 Bb3 36. Be5 Rb1 37. Rxg7 Rxc1 38. Rg6# 1-0

[Event "VIE-ch U11"]
[Site "Hai Phong"]
[Date "2018.07.09"]
[Round "4"]
[White "Pham, Chi Cuong"]
[Black "Nguyen, Anh Hao"]
[Result "0-1"]
[WhiteElo "1869"]
[BlackElo "1882"]
[PlyCount "64"]
[EventDate "2018.07.07"]
[EventType "swiss"]
[EventRounds "9"]
[EventCountry "VIE"]
[SourceTitle "EXT 2019"]
[Source "ChessBase"]
[SourceDate "2018.10.10"]
[SourceVersion "1"]
[SourceVersionDate "2018.10.10"]
[SourceQuality "1"]

1. e4 e6 2. d4 d5 3. e5 c5 4. Nf3 cxd4 5. Nxd4 Nc6 6. Nf3 Bc5 7. c3 Qb6 8. Qc2 Nge7 9. Bd3 Ng6 10. Bxg6 hxg6 11. 0-0 Bd7 12. b4 Be7 13. Be3 Qc7 14. Bf4 Nxb4 15. Qd1 Na6 16. Re1 Nc5 17. Re3 Ba4 18. Qc1 Ne4 19. Nbd2 Nxd2 20. Nxd2 Rc8 21. Qb2 b6 22. Nb3 Rh4 23. Bg3 Rc4 24. Rc1 d4 25. Rd3 dxc3 26. Qe2 c2 27. f4 Ba3 28. Qg4 Bxb3 29. Qh4 Qc5+ 30. Bf2 Qe7 31. Qh8+ Qf8 32. Qh4 Bxc1 0-1